000 00289nam a2200109Ia 4500
008 230907s9999||||xx |||||||||||||| ||und||
082 _a621.38224
_bPAU
245 0 _aIntroduction to electromagnetic compatibility /
260 _aWiley,
_bNew Delhi :
_c2017
300 _a983 p.
942 _cBK
999 _c601435
_d601435